000
00268nam a2200109Ia 4500
008
190911s9999||||xx |||||||||||||| ||und||
100
_a
George A. Steiner
245
0
_a
Business Government and Society
260
_a
U.S.A.
_b
Pearson
_c
1997
300
_a
668
942
_c
BK
999
_c
7032
_d
7032